Elección de técnicas alternativas (Registro nro. 28795)

Detalles MARC
000 -LEADER
fixed length control field 00307 a2200109 4500
001 - CONTROL NUMBER
control field ART_26487
005 - DATE AND TIME OF LATEST TRANSACTION
control field 20260410161933.0
008 - FIXED-LENGTH DATA ELEMENTS--GENERAL INFORMATION
fixed length control field 260409a
100 1# - MAIN ENTRY--PERSONAL NAME
Personal name Sebess, Pedro
245 10 - TITLE STATEMENT
Title Elección de técnicas alternativas
773 0# - HOST ITEM ENTRY
Title Informe
Related parts - Año III, Nº 22 (abr. 1971)
Record control number REV23765

No hay ítems disponibles.